| 000 | 00454nam a2200181Ia 4500 | ||
|---|---|---|---|
| 001 | 7311 | ||
| 005 | 20260306160446.0 | ||
| 008 | 260306t2011||||xx |||||||||||||| ||spa|| | ||
| 041 | _aESP | ||
| 082 |
_a338.5 _bM562 |
||
| 100 |
_aMochón Morcillo, Francisco _eAUT |
||
| 245 | 0 |
_aMicroeconomía: _bcon aplicaciones a América latina |
|
| 260 | _c2011 | ||
| 300 |
_a373 páginas : _c27 cm. |
||
| 650 | _aGEN | ||
| 654 | _aCAN | ||
| 942 |
_cLIB _dJUS _fJUS _2ddc _n |
||
| 999 |
_c7311 _d7311 |
||